Levéltári közlemények

Bibliographic Details
Main Author: Stieberová, Mária (Author)
Format: Article
Language:Slovak
ISSN:0231-6722
Subjects:

MARC

LEADER 00000nab a2200000 a 4500
001 vtls000839917
003 SK-MaSNL
005 20260304115442.0
008 250429c2003 xo 0 slo
015 |a SNBRB2003/07-20101 
035 |a CLN000191572 
035 |a urn:nbn:sk:snk-ab7hbz 
035 |a (urnnbn)urn:nbn:sk:snk:ar-005shh 
035 |a (uuid)197a04f2-52a9-4c34-bc6a-16f93f479630 
040 |a SNKBUCL  |b slo  |c SNKBUCL  |e AACR2 
041 0 |a slo 
044 |a xo  |c SK 
080 |a 930.25:050(439)  |2 1997 
080 |a 050(439):930.25  |2 1997 
100 1 |a Stieberová, Mária  |4 aut  |9 6207 
245 1 0 |a Levéltári közlemények  |c Mária Stieberová 
630 0 7 |a Levéltári közlemények (časopis)  |y 2000  |x č. 1-2  |2 snkbucl  |9 1421990 
655 7 |a články z novín a časopisov  |2 snkbucl  |9 267496 
655 7 |a bibliografické prehľady  |2 snkbucl  |9 534643 
773 0 |t Slovenská archivistika  |g Roč. 38, č. 1 (2003), s. 162-164  |x 0231-6722 
850 |a Slovenská národná knižnica 
852 |a Slovenská národná knižnica 
954 |a odborná, vedecká literatúra pôvodná (slovenská)  |2 lita 
958 |a article7 
958 |a OND 
958 |a HU 
958 |a EUIPO 
992 |a RBX 
999 |c 2876021  |d 2877951